| 000 | 01613cam a2200397 a 4500 | ||
|---|---|---|---|
| 001 | 10089902 | ||
| 003 | USPCAS-E | ||
| 005 | 20180118181418.0 | ||
| 006 | m d | ||
| 007 | cr n | ||
| 008 | 110726s2012 gw a sb 001 0 eng d | ||
| 020 | _z9783527327881 | ||
| 020 | _a9783527639601 (ebook) | ||
| 035 | _a(WaSeSS)ssj0000622285 | ||
| 040 |
_aCaPaEBR _cCaPaEBR _dWaSeSS |
||
| 050 | 4 |
_aQD575.P67 _bH54 2012eb |
|
| 050 | 4 | _aTA418.9P6 | |
| 082 |
_a620.116 _bHIE 2012 |
||
| 210 | 1 | 0 | _aHierarchically structured porous materials |
| 245 | 0 | 0 |
_aHierarchically structured porous materials _h[electronic resource] : _bfrom nanoscience to catalysis, separation, optics, energy, and life science / _cedited by Bao-Lian Su, Clément Sanchez, and Xiao-Yu Yang. |
| 260 |
_aWeinheim, Germany : _bWiley-VCH, _c2012. |
||
| 502 | _a. | ||
| 504 | _aIncludes bibliographical references and index. | ||
| 505 | 0 | _apt. 1. Introduction -- pt. 2. Synthesis strategies to hierarchically structured porous materials -- pt. 3. Emerging applications of hierarchically structured porous materials -- pt. 4. Conclusion. | |
| 506 | _aLicense restrictions may limit access. | ||
| 650 | 0 | _aPorous materials. | |
| 655 | 7 |
_aElectronic books. _2local |
|
| 700 | 1 | _aSu, Bao-Lian. | |
| 700 | 1 | _aSanchez, Clément. | |
| 700 | 1 | _aYang, Xiao-Yu. | |
| 710 | 2 | _aebrary, Inc. | |
| 773 | 0 | _tWiley-Blackwell Online Books | |
| 856 | 4 | 0 |
_uhttp://www.columbia.edu/cgi-bin/cul/resolve?clio10089902 _zFull text available from Wiley-Blackwell Online Books |
| 910 | _aVendor-generated brief record | ||
| 942 |
_2ddc _cBK |
||
| 999 |
_c355919 _d355919 |
||